000 01357nam a22002777a 4500
001 BRCA_9308
003 FranzMayer
005 20230823120702.0
008 230811b |||||||| |||| 00| 0 eng d
040 _aMFM
_besp
_cMFM
050 0 _aBS2549
_b.O76 1672 (LM61)
100 1 _4Autor
_aOrmaza de. Ioseph
_929009
240 _aEl sabio y dichoso político infeliz
_hdel grano del evangelio, Christo S.N. en la Tierra. Seminario de toda la enseñanza. Desde que gana nombre hasta sv fvga a Egipto.
_lespañol
245 0 _aEl sabio y dichoso político infeliz
_bdel grano del evangelio, Christo S.N. en la Tierra. Seminario de toda la enseñanza. Desde que gana nombre hasta sv fvga a Egipto.
260 _aSegovia
_bBernardo Hervada
_c1672
300 _a512 p
_c30 cm
500 _aEjemplar encuadernado en pergamino y con tiras a los costados.
500 _aFondo antiguo
500 _aEjemplar se encuentra en caja fuerte
500 _aLM61
501 _aFondo reservado: para su consulta es necesario credencial de usuario y cartas de motivos.
505 _aTexto en: españolIncluye: índice temáticoDirigido a: teólogos, personas pertenecientes a la religión cristiana.
650 1 _2Religión cristiana
_aLa biblia
_vNuevo testamento
_929010
651 2 _2Especiales del nuevo testamento
_aEvangelios
_vTeología
_929011
942 _2lcc
_cB
999 _c10929
_d10929